LIBRARY & INFORMATION CENTRE, KCAET, TAVANUR

ONLINE PUBLIC ACCESS CATALOGUE (OPAC)

Lange`s handbook of chemistry / (Record no. 5385)

MARC details
000 -LEADER
fixed length control field 00458cam a2200181ua 4500
020 ## - INTERNATIONAL STANDARD BOOK NUMBER
ISBN 0-07-016192-5
041 ## - LANGUAGE CODE
Language code of text/sound track or separate title eng
082 ## - DEWEY DECIMAL CLASSIFICATION NUMBER
Classification number 028.7154
Item number LAN/LA
100 ## - MAIN ENTRY--AUTHOR NAME
Personal name Lange, .
245 ## - TITLE STATEMENT
Title Lange`s handbook of chemistry /
250 ## - EDITION STATEMENT
Edition statement 13 /
260 ## - PUBLICATION, DISTRIBUTION, ETC. (IMPRINT)
Place of publication New York :
Name of publisher McGraw Hill Book Company ,
Year of publication 1972.
300 ## - PHYSICAL DESCRIPTION
Number of Pages 2147 ; .
942 ## - ADDED ENTRY ELEMENTS (KOHA)
Koha item type Books
Holdings
Withdrawn status Lost status Damaged status Home library Current library Date acquired Full call number Accession Number Koha item type
      KAUAET KAUAET 26/03/1987 028.7154 16143 Reference
free website counter